| 000 | 02720nam0a2200409 4500 | ||
|---|---|---|---|
| 001 | RU\NLR\BIBL_A\012592751 | ||
| 005 | 20220802145513.0 | ||
| 010 |
_a978-5-00177-151-7 _9500 |
||
| 021 |
_aRU _bКН-П-21-030435 _9КН-П-21-2361 |
||
| 035 | _a(NLR Aleph) 012592751 | ||
| 090 |
_a12557481 _c12557481 |
||
| 100 | _a20210908d2021 k y0rusy50 ca | ||
| 101 | 0 |
_arus _aeng |
|
| 102 | _aRU | ||
| 105 | _aa|||z|||100zy | ||
| 181 | 0 |
_ai3 _bab2e |
|
| 182 | 0 | _an | |
| 200 | 1 |
_aКомплексный анализ, математическая физика и нелинейные уравнения _dComplex analysis, mathematical physics and nonlinear equations _eсборник тезисов Международной научно-практической конференции (оз. Банное, 15-19 марта 2021 г.) _fМинистерство науки и высшего образования РФ, Уфимский федеральный исследовательский центр Российской академии наук [и др.] _gредакционная коллегия: канд. физ.-мат. наук Р.Н. Гарифуллин (отв. редактор) [и др.] _zeng |
|
| 203 |
_aТекст _bвизуальный _cнепосредственный |
||
| 210 |
_aУфа _cАэтерна _d2021 |
||
| 215 |
_a82, [1] с. _cил. _d20 |
||
| 300 | _aЧасть текста англ. | ||
| 313 | _aПред. конф-я 2020 г. | ||
| 320 | _aБиблиогр. в конце ст. | ||
| 510 | 1 |
_aComplex analysis, mathematical physics and nonlinear equations _zeng |
|
| 606 | 1 |
_aМатематическая физика _jТезисы докладов _2nlr_sh1 _2nlr_sh2 _3RU\NLR\AUTH\66210355 |
|
| 606 | 1 |
_aКомплексный анализ _jТезисы докладов _2nlr_sh1 _2nlr_sh2 _3RU\NLR\AUTH\6641337 |
|
| 606 | 1 |
_aНелинейные уравнения _jТезисы докладов _2nlr_sh1 _2nlr_sh2 _3RU\NLR\AUTH\661307362 |
|
| 686 | 1 | _aВ161я431(0) | |
| 702 | 1 |
_aГарифуллин _bР. Н. _gРустем Наилевич _4340 |
|
| 711 | 1 | 2 |
_a"Комплексный анализ, математическая физика и нелинейные уравнения", международная научная конференция _f2021 _eд. Якты-Куль, Республика Башкортостан _3RU\NLR\AUTH\880550890 |
| 712 | 0 | 2 |
_aУфимский федеральный исследовательский центр _3RU\NLR\AUTH\880475528 _4570 |
| 942 | _cBOOK | ||
| 980 | _aNB | ||